[Event "KKS 2- Welper"]
[Site "?"]
[Date "2022.10.02"]
[Round "2.3"]
[White "Schaller, Fabian"]
[Black "Klemenz, Luca"]
[Result "1/2-1/2"]
[WhiteElo "2062"]
[BlackElo "1899"]
[PlyCount "106"]
[EventDate "2022.??.??"]
[SourceVersionDate "2022.09.27"]

1. Nf3 d5 2. b3 Bf5 3. Bb2 e6 4. g3 h6 5. Bg2 Nf6 6. c4 c6 7. O-O Be7 8. d3 O-O 9. Nbd2 Nbd7 10. Re1 Bh7 11. Ne5 Nxe5 12. Bxe5 Nd7 13. Bb2 a5 14. a3 Re8 15. Qc2 Qb6 16. Rab1 d4 17. b4 axb4 18. axb4 e5 19. b5 Qc7 20. bxc6 bxc6 21. Ra1 Nc5 22. Ba3 Ra5 23. Bxc5 Rxa1 24. Rxa1 Bxc5 25. Qa4 Rc8 26. Nb3 Bf8 27. Na5 c5 28. Rb1 Rb8 29. Rb5 Bf5 30. Nc6 Re8 31. Ra5 e4 32. dxe4 Bxe4 33. Ra7 Qxc6 34. Qxc6 Bxc6 35. Bxc6 Rxe2 36. Bd5 Be7 37. Kf1 Re5 38. f4 Re3 39. Ra8+ Bf8 40. Ra7 Be7 41. Ra8+ Kh7 42. Bxf7 d3 43. Bh5 g6 44. Kf2 Re6 45. Bg4 d2 46. Ra7 h5 47. Bxe6 d1=Q 48. Rxe7+ Kh8 49. Bd5 Qd2+ 50. Re2 Qd4+ 51. Kg2 Qd3 52. Kf2 Qd4+ 53. Kg2 Qd3 1/2-1/2